000 00331 a2200157 4500
001 153030
040 _cEscola São Tomás de Aquino
100 _aALENCAR, José de
240 1 0 _aLucíola
_lpor
245 1 0 _aLucíola
300 _a127
362 0 _a1997
440 1 _aÁtica
697 _aLITERATURA BRASILEIRA
942 _cBK
999 _c153030
_d153030